Normal view
MARC view
- Military Lessons of Gulf War
Entry Topical Term
001 - CONTROL NUMBER
- control field: 127438
003 - CONTROL NUMBER IDENTIFIER
- control field: NUST
005 - DATE AND TIME OF LATEST TRANSACTION
- control field: 20250109101831.0
008 - FIXED-LENGTH DATA ELEMENTS
- fixed length control field: 250109|| aca||aabn | a|a d
040 ## - CATALOGING SOURCE
- Original cataloging agency: NUST
- Transcribing agency: NUST
150 ## - HEADING--TOPICAL TERM
- Topical term or geographic name entry element: Military Lessons of Gulf War
670 ## - SOURCE DATA FOUND
- Source citation: Work cat.: (NUST): Bruce W. Watson 20499, Military Lessons of Gulf War, 1992.
